<?xml version="1.0" encoding="UTF-8"?>
<record
    xmlns:xsi="http://www.w3.org/2001/XMLSchema-instance"
    xsi:schemaLocation="http://www.loc.gov/MARC21/slim http://www.loc.gov/standards/marcxml/schema/MARC21slim.xsd"
    xmlns="http://www.loc.gov/MARC21/slim">

  <leader>02129nam a2200289Ia 4500</leader>
  <controlfield tag="001">H5603</controlfield>
  <controlfield tag="003">IT-RoPAU</controlfield>
  <controlfield tag="008">130308s9999    xx            000 0 und d</controlfield>
  <datafield tag="040" ind1=" " ind2=" ">
    <subfield code="a">IT-RoPAU</subfield>
  </datafield>
  <datafield tag="040" ind1=" " ind2=" ">
    <subfield code="c">IT-RoPAU</subfield>
  </datafield>
  <datafield tag="041" ind1=" " ind2=" ">
    <subfield code="a">ITALIANO</subfield>
  </datafield>
  <datafield tag="100" ind1=" " ind2=" ">
    <subfield code="a">Fontanille Jacques</subfield>
  </datafield>
  <datafield tag="100" ind1=" " ind2=" ">
    <subfield code="g">Codice Aut. SPICS: 11748</subfield>
  </datafield>
  <datafield tag="245" ind1=" " ind2=" ">
    <subfield code="a">Figure del corpo. per una semiotica dell'impronta</subfield>
  </datafield>
  <datafield tag="245" ind1=" " ind2=" ">
    <subfield code="b">Figure del Corpo. per una Semiotica dell'Impronta</subfield>
  </datafield>
  <datafield tag="250" ind1=" " ind2=" ">
    <subfield code="a">1a ed.</subfield>
  </datafield>
  <datafield tag="260" ind1=" " ind2=" ">
    <subfield code="a">ROMA</subfield>
  </datafield>
  <datafield tag="260" ind1=" " ind2=" ">
    <subfield code="b">Meltemi</subfield>
  </datafield>
  <datafield tag="260" ind1=" " ind2=" ">
    <subfield code="c">2004 [1&#xB0; Ed.:2004 - Ed.Ling.Originale:2004]</subfield>
  </datafield>
  <datafield tag="300" ind1=" " ind2=" ">
    <subfield code="a">"432 p. (prefazione: no ; testo: 432 [pagine: 0-0])"</subfield>
  </datafield>
  <datafield tag="500" ind1=" " ind2=" ">
    <subfield code="a">"Note Traduttive e Precisazioni Terminologiche. Corpo, Segno, Senso. I Corpo Attante: Corpo e Semiosi; Dalla Figura All'Icona Attanziale;Ripoduzione Atto e Schematizzazione Narrativa; Corpi, tensioni e Conversioni. Ii Lapsus:Approcci e problematiche Linguistiche; Appricci Psicanalitici; Modello istanze Discorsive, Avatar di Ego. III Accidente Coprorale, Androgino Strampalato, Curioso Lapsus Filmico in passion di Godard: Dati Problema; Dalla Dissociazione Alla Disapprovazione; Dall'Estetica Dissociazione a Accidente. Iv Modi e campi Sensibile: Diversificazione Modi Sensibile, Sensomotricita'; Autonomia Dimensione Figurativa; Principi comuni Organizzazione. V figure semiotiche Corpo, Involucro e carne Mobile: Dall'Adiuvante All'Attante; Movimento e Involucro, Antinomia o Complementarieta'; carne Mobile; Movimento Esemiosi. VI Macchine, Protesi e Impronte, Corpo Postmoderno, su Marcel Duchamp: Dall'Arte concettuale All'Impronta; Corpo Femminile; Impronta e Firma. VII Modello Orologio e Corpo Macchina, su Paul Claudel. VIII  memorie Figurative e Sensoriali. Ix impressioni Proustiane: icone Attanziali; Movimento e Riproduzione. X Membrana Traslucida, Aisthesis Koine' e Memoria luminosa in L'Elemento del Crimine di Lars Von Trier. XI Quando Corpo Testimonia, Approccio Semiotico Reportage. XII Oggetto e Impronta Uso. Semiotica Impront"</subfield>
  </datafield>
  <datafield tag="650" ind1=" " ind2=" ">
    <subfield code="a">SAGGI DI SEMIOLOGIA</subfield>
  </datafield>
  <datafield tag="650" ind1=" " ind2=" ">
    <subfield code="e">Codice materia Spics: 3257</subfield>
  </datafield>
  <datafield tag="942" ind1=" " ind2=" ">
    <subfield code="c">BK</subfield>
  </datafield>
  <datafield tag="957" ind1=" " ind2=" ">
    <subfield code="7">1</subfield>
  </datafield>
  <datafield tag="999" ind1=" " ind2=" ">
    <subfield code="c">88227</subfield>
    <subfield code="d">88227</subfield>
  </datafield>
  <datafield tag="999" ind1=" " ind2=" ">
    <subfield code="g">1</subfield>
  </datafield>
  <datafield tag="952" ind1=" " ind2=" ">
    <subfield code="0">0</subfield>
    <subfield code="1">0</subfield>
    <subfield code="4">0</subfield>
    <subfield code="6">H_000000000000000_5603</subfield>
    <subfield code="7">1</subfield>
    <subfield code="a">SPICS</subfield>
    <subfield code="b">SPICS</subfield>
    <subfield code="d">2013-03-08</subfield>
    <subfield code="l">0</subfield>
    <subfield code="o">H5603</subfield>
    <subfield code="r">2013-03-08 00:00:00</subfield>
    <subfield code="w">2013-03-08</subfield>
    <subfield code="y">BK</subfield>
    <subfield code="z">Progressivo inserimento:  6518 /  N. Volumi: 1 Copie: 1  / data import: 1 marzo 2013 - By Epidotti, Trombetti, Vaglietti. </subfield>
  </datafield>
</record>
